000 00900nam a2200229 a 4500
001 000043248
003 DO-SdBNP
005 20250909091242.0
008 140303s2010 sp 000 0 spa d
020 _a9788483471333
040 _aDO-SdBNP
_bspa
_cBNPHU
111 2 _aCampos Euroafricano de Cooperación Cultural
_n(1:
_d2009 : 22-26 jun.
_cMaputo, Mozambique)
_970850
245 1 0 _aCooperacion cultural entre Europa y África :
_bactas del Primer Campus Euroafricano de Cooperación Cultural
260 _aMadrid :
_bAECID,
_c2010.
300 _a269 p. ;
_c23 cm.
490 0 _aCultura y Desarrollo
_v12
504 _aIncluye referencias bibliográficas y notas al pie de las páginas
700 1 _aCarrasco Arroyo, Salvador
_970851
710 2 _aAgencia Española de Cooperación Internacional
_934585
710 2 _aAgencia Española de Cooperación Internacional
_934585
942 _2ddc
_cLBS1
999 _c42737
_d42737